000
nam a22 7a 4500
999
_c
54035
_d
54035
003
OSt
005
20220728151934.0
008
220728b xxu||||| |||| 00| 0 eng d
040
_c
IIMT UNIVERSITY
100
_a
JAYDAYAL, GOYADKA
245
_a
SHRIMAD BHAGVAT GEETA
260
_a
GORAKHPUR
_b
GEETA PRESS
_c
0000
300
_a
774
942
_2
ddc
_c
09